| 000 | 00471nam a22001457a 4500 | ||
|---|---|---|---|
| 999 |
_c729 _d729 |
||
| 008 | 191125b ||||| |||| 00| 0 eng d | ||
| 082 | 0 | 0 |
_a620 _bC483 |
| 100 |
_9124 _aCharnock, G. F. |
||
| 245 | 1 | 0 |
_aMechanical Technology: Being a Treatise on the Materials and Preparatory Process of the Mechanical Industries _cby G. F Charnock |
| 250 | _a2nd ed. | ||
| 260 |
_aLondon _bConstable & Company _c1946 |
||
| 300 | _axii, 724 p. | ||
| 650 | 0 | _aMechanical Engineering | |
| 942 | _cBK | ||